00874nam a2200241Ia 4500001000700000008004100007020002200048082001400070100002700084245016200111260004300273300001100316500006000327503001800387504003300405650003600438700005000474901001400524902000600538905006300544942000600607999001900613Z_7141220601s9999 xx 000 0 und d a978-90-8998-801-0 a540.9 L69 aLowe, Derek B.9136223 aEl libro de la química: de la polvora a las enzimas artificiales, 250 historias de la química / Derek B. Lowe ; traducción Francisco Martínez López aKerkdriel, Netherlands : Librero b. v. a527 p. aTraducción de la obra en inglés: The Chemistry Book aej.1: consumo aBibliografía: p. 514 - 524 a1. Química - Historia9184946 aMartínez López, Francisco, tr.Ì9184947 a540.9 L69 aM a5232272017 ne a 9212223322spa16 c1 c217195d217195